MARC

LEADER 00000nab a2200000 a 4500
001 vtls000016329
003 SK-MaSNL
005 20260303185007.0
008 160211c1979 xo 0 slo
015 |a SNBRB19rr/mm-uuuuu 
035 |a CL0026423 
040 |a SNKBUCL  |b slo  |c SNKBUCL  |e AACR2 
041 0 |a slo 
044 |a xo  |c SK 
080 |a 884-3(087.5)  |2 1981 
100 1 |a Rosínska, Marta  |4 aut  |9 1215690 
245 1 0 |a Oblok oproti  |c Marta Rosínska ; Mária Nevrlá, Agneša Bakardžieva 
650 0 7 |a rozprávky autorské  |2 snkbucl  |9 315429 
650 0 7 |a literatúra pre deti a mládež  |2 snkbucl  |9 21893 
655 7 |a články z novín a časopisov  |2 snkbucl  |9 267496 
655 7 |a články z odboru literárna veda a krásna literatúra  |2 snkbucl  |9 770045 
700 1 |a Nevrlá, Mária  |4 trl  |9 486829 
700 1 |a Bakardžieva-Hložníková, Agneša,  |d 1942-  |4 gup  |9 159044 
773 0 |t Ohník  |g Roč. 31, č. 6 (1978/1979), s. 2 
850 |a Slovenská národná knižnica v Martine  |a MTA001 
852 |a SNK  |b KIS3GCP 
958 |a RK 
958 |a LX 
958 |a SK 
992 |a RBX 
999 |c 2129263  |d 2131193